Análisis estratigráfico secuencial del Cenozoico de la cordillera fueguina, Tierra del Fuego, Argentina /

Guardado en:
Otros Autores: Ponce, Juan José. (Disertante), Olivero, Eduardo B. (Orientador), Zavala, Carlos Alberto, 1964- (Orientador)
Formato: Manuscrito
Idioma:Spanish
Publicado: 2008.
Materias:
Etiquetas: Agregar Etiqueta
Sin Etiquetas, Sea el primero en etiquetar este registro!
LEADER 01316ntm a22003135a 4500
001 EUN.eunm003456
008 110315s2008####ag#a#####bm###000#0#spa#d
005 20240214125629.0
245 1 0 |a Análisis estratigráfico secuencial del Cenozoico de la cordillera fueguina, Tierra del Fuego, Argentina /  |c Juan José Ponce ; directores Eduardo B. Olivero, Carlos A. Zavala. 
260 |c 2008. 
300 |a xii, 245 h. :  |b il. col. ;  |c 30 cm. 
500 |a Tesis Doctor en Geología. 
502 |a Tesis (doctoral)--Universidad Nacional del Sur. Departamento de Geología, 2009. 
504 |a Incluye referencias bibliográficas. 
530 |a Disponible también en formato digital 
100 1 |a Ponce, Juan José.  |4 dis 
700 1 |a Olivero, Eduardo B.  |4 ths 
700 1 |a Zavala, Carlos Alberto,  |d 1964-  |4 ths 
710 2 |a Universidad Nacional del Sur.  |b Departamento de Geología  |4 dgg. 
082 0 4 |a 040  |2 15 
082 0 4 |a 551.7  |2 15 
650 7 |a Geología.  |2 unbist 
650 7 |a Estratigrafía.  |2 unbist 
650 7 |a Cuencas sedimentarias.  |2 unbist 
651 0 |a Tierra del Fuego (Argentina) 
653 |a Sedimentología 
653 |a Cuenca Austral 
859 |a AR-BaUNS  |b BIB. CENTRAL - Tesis  |h 040  |i B148 2009-990po  |k R  |p 121956/011 
859 |a AR-BaUNS  |b BIB. CENTRAL - Sector A - Tesis  |h 040  |i B148 2009-990po  |p 121957/011